000 00559cam a22002171 4500
001 sa 67006151
003 DLC
005 20260227112404.0
008 890803s1966 ii 000 0 beno
010 _asa 67006151
035 _a(OCoLC)20123367
040 _aDLC
_cWaU
_dDLC
042 _apremarc
050 0 0 _aPK1726.T33
_bZ65
100 1 _aDey, Bishnu.
245 1 0 _aRabīndranātha o śilpasāhitye ādhunikatāra samasyā.
260 _c[1966]
300 _a97 p.
_c23 cm.
500 _aIn Bengali.
600 1 0 _aTagore, Rabindranath,
_d1861-1941.
999 _c75727
_d75727